Homologaȯ̂ de acordos extrajudiciais trabalhistas (HOTREX)

Bibliographic Details
Main Author: Brzostek, Giovane
Other Authors: Ricardo Leite, Marcelo
Format: eBook
Language:Portuguese
Published: San Pablo: LTR, 2019
Subjects:
Online Access:Acceso restringido

MARC

LEADER 00000nam a22000007a 4500
005 2022040709369.0
007 cr|||| ||||
008 220407s2019 br |||||s|||| 00||0 por d
020 |a 978-85-301-0104-6 
035 |a 36035 
040 |a vLex 
090 |c 13129  |d 13129 
100 1 |a Brzostek, Giovane 
245 1 0 |a  Homologaȯ̂ de acordos extrajudiciais trabalhistas (HOTREX)  |h [Recurso electrn̤ico] /  |c Giovane Brzostek, Marcelo Ricardo Leite 
256 |a Servicio en ln̕ea 
260 |a San Pablo:  |b LTR,  |c 2019 
300 |a 1 recurso electrn̤ico 
500 |a Areforma Trabalhista trouxe as maiores transformaė̳s para o mundo jurd̕ico do trabalho desde a publicaȯ̂ da CLT, em 1943. Trata-se de uma nova realidade, que propicia o exercc̕io de liberdades individuais e coletivas amplas aos sujeitos das relaė̳s de trabalho, deslocando-se, em muitos aspectos, o nc︢leo da regulaȯ̂ jurd̕ica para as môs dos prp̤rios interessados, algo que antes era monopl̤io quase que exclusivo do Estado. Vivemos tempos de transformaȯ̂, em que novos conceitos surgem a todo momento: inds︢tria 4.0; intelign̊cia artificial; internet das coisas; vec̕ulos autn̥omos; impressô 3D; e outras tantas manifestaė̳s da contemporńea Revoluȯ̂ Tecnolg̤ica. Tudo isso impacta diretamente nos atos empresariais e nas relaė̳s de trabalho, de modo que o Poder Judicir̀io nô est ̀imune a tal fluidez e dinamismo. É nesse contexto que se insere a transaȯ̂ extrajudicial trabalhista, instrumento cľere, econm̥ico e efetivo de pacificaȯ̂ social. 
506 1 |a Disponible solo en los productos indicados  |d vLex Global  |d vLex Global (Academic Edition, excluding Law Schools)  |d vLex Global (U.S. Academic Edition, Law Schools)  |d vLex Global (U.S. Academic Edition, excluding Law Schools)  |d vLex Global (Academic Edition, Law Schools) 
650 0 4 |a Derecho Laboral y Seguridad Social  |z Brasil 
700 1 |a Ricardo Leite, Marcelo 
740 0 |a vLex Libros (Servicio en ln̕ea) 
856 4 0 |u https://app.vlex.com/#/sources/36035  |z Acceso restringido 
942 |c BOOK 
999 0 |a Labor law and social security